000 00338nam a22001457a 4500
003 SGT
020 _a978-93-89396-24-9
082 _a615.1068
_bSHA
100 _aSHARMA, SANGEETA
245 _aHANDBOOK OF PHARMACY MANAGEMENT
260 _aINDIA
_bCBS PUB.
_c2021
300 _a218
650 _aPHARMACY MANAGEMENT
942 _2ddc
_cBK
999 _c32465
_d32465